Положение о неспособных нижних чинах Морского ведомства (Запись № 12513632)

Подробности
000 -МАРКЕР
контрольное поле 02218nam0a2200349 4500
001 - ИДЕНТИФИКАТОР ЗАПИСИ
контрольное поле RU\NLR\BIBL_A\012879059
005 - ИДЕНТИФИКАТОР ВЕРСИИ
контрольное поле 20260407121840.0
035 ## - ДРУГИЕ СИСТЕМНЫЕ НОМЕРА
Идентификатор записи (NLR Aleph) 012879059
100 ## - ДАННЫЕ ОБЩЕЙ ОБРАБОТКИ
Данные общей обработки 20220831d1849 |||y0rusy50 ca
101 0# - ЯЗЫК РЕСУРСА
Язык текста, звукозаписи и т.д. русский
102 ## - СТРАНА ПУБЛИКАЦИИ ИЛИ ПРОИЗВОДСТВА
Страна публикации Российская Федерация
105 ## - ПОЛЕ КОДИРОВАННЫХ ДАННЫХ: ТЕКСТОВЫЕ МАТЕРИАЛЫ, МОНОГРАФИЧЕСКИЕ
Кодированные данные о монографическом текстовом документе y z 000yy
181 #0 - ПОЛЕ КОДИРОВАННЫХ ДАННЫХ: ВИД СОДЕРЖАНИЯ
Код вида содержания (ISBD) i
Код характеристики содержания (ISBD) axxe
182 #0 - ПОЛЕ КОДИРОВАННЫХ ДАННЫХ: ТИП СРЕДСТВА
Код типа средства (ISBD) n - непосредственное
200 1# - ЗАГЛАВИЕ И СВЕДЕНИЯ ОБ ОТВЕТСТВЕННОСТИ
Основное заглавие Положение о неспособных нижних чинах Морского ведомства
Сведения, относящиеся к заглавию на подлинном собственною Его Императорского Величества рукою написано: "Быть по сему", в С.-Петербурге 27-го апреля 1849 года
203 ## - ВИД СОДЕРЖАНИЯ И ТИП СРЕДСТВА
Вид содержания Текст
Дополнительные сведения об издании визуальный
Тип средства непосредственный
210 ## - ПУБЛИКАЦИЯ, РАСПРОСТРАНЕНИЕ И ДР.
Место издания, распространения и т.д. С.-Петербург
Имя издателя, распространителя и т. д. в Типографии Ф. Королькова
Дата издания, распространения и т.д. 1849
215 ## - ФИЗИЧЕСКАЯ ХАРАКТЕРИСТИКА
Специфическое обозначение материала и объем [10], 119, [5] с.
Размеры 21
309 ## - ПРИМЕЧАНИЯ ОБ ОСНОВНОМ ИСТОЧНИКЕ ИНФОРМАЦИИ И ОБ ОСОБЕННОСТЯХ ПОЛИГРАФИЧЕСКОГО ОФОРМЛЕНИЯ ИЗДАНИЯ
Текст примечания Без тит. л. и обл.
327 ## - ПРИМЕЧАНИЯ О СОДЕРЖАНИИ
Текст примечания В кн. также: Приказы Начальника Главного Морского Штаба Его Императорского Величества. Подписал: Князь Меншиков
464 #0 - АНАЛИТИЧЕСКИЙ УРОВЕНЬ
Встроенное поле 2001#$aПриказы Начальника Главного Морского Штаба Его Императорского Величества
-- 702#1$aМеншиков$bА. С.$f1787-1869$gАлександр Сергеевич$3RU\NLR\AUTH\770187335$4720
Заглавие Приказы Начальника Главного Морского Штаба Его Императорского Величества
601 01 - НАИМЕНОВАНИЕ ОРГАНИЗАЦИИ КАК ПРЕДМЕТ
Начальный элемент ввода Россия
Структурное подразделение организации Вооруженные силы
Тематический подзаголовок Личный состав
-- Увольнение с действительной военной службы
Системный номер авторитетной/нормативной записи 2297527
Идентификатор авторитетной/нормативной записи RU\NLR\AUTH\6601602542
686 3# - ИНДЕКСЫ ДРУГИХ КЛАССИФИКАЦИЙ
Индекс Ц4,8(2)231
702 #1 - ИМЯ ЛИЦА - ВТОРИЧНАЯ ОТВЕТСТВЕННОСТЬ
Код отношения Подписавшее лицо
Графика поля Кириллица
Материалы, к которым относится поле rus
Начальный элемент ввода Меншиков
Часть имени, кроме начального элемента ввода А. С.
Даты 1787-1869
Расширение инициалов личного имени Александр Сергеевич
Системный номер авторитетной/нормативной записи 187284
Идентификатор авторитетной/нормативной записи RU\NLR\AUTH\770187335
712 01 - НАИМЕНОВАНИЕ ОРГАНИЗАЦИИ - ВТОРИЧНАЯ ОТВЕТСТВЕННОСТЬ
Код отношения Прочие
Начальный элемент ввода Россия
Структурное подразделение Главный морской штаб
Идентификатор авторитетной/нормативной записи RU\NLR\AUTH\889957678
Системный номер авторитетной/нормативной записи 411455
852 ## - МЕСТОНАХОЖДЕНИЕ И ШИФР ХРАНЕНИЯ
Идентификатор организации NLR
Шифр хранения (Call Number) 19.118.1.17(2)
942 ## - ДОПОЛНИТЕЛЬНЫЕ ЭЛЕМЕНТЫ ЗАПИСИ (АБИС)
Тип экземпляра АБИС Книга
980 ## - КОЛЛЕКЦИЯ
Название коллекции Национальная библиография
Экземпляры
Тип экземпляра Дата поступления Библиотека постоянного хранения Библиотека текущего хранения Место хранения Шифр хранения Штрих-код Статус экземпляра
Книга 10.11.2022 РНБ (Садовая) РНБ (Садовая) Русский книжный фонд -Главное здание, Ленинский читальный зал 19.118.1.17(2) 12879059-10